| 000 | 00657nam a22002057a 4500 | ||
|---|---|---|---|
| 003 | 0 | ||
| 005 | 20250911141015.0 | ||
| 008 | 250911b xxu||||| |||| 00| 0 eng d | ||
| 020 | _a979-8-89161-630-1 | ||
| 050 |
_aHF 1379 _b.B46 2025 |
||
| 100 |
_aBennett, Bruce, _eauthor. |
||
| 245 |
_aInternational business and trade / _cBruce Bennett. |
||
| 260 |
_aJersey City, USA : _bAlexis Press, _c2025. |
||
| 300 |
_aviii, 292 pages : _billustrations ; _c27 cm. |
||
| 504 | _aIncludes bibliographical references and index. | ||
| 650 | _aInternational business enterprises. | ||
| 650 | _aInternational trade. | ||
| 650 | _aCommercial policy. | ||
| 942 |
_2lcc _cBK |
||
| 999 |
_c367896 _d367896 |
||